=LDR 00000nam 2200000 4500 =001 INLIS000000000009587 =005 20231004091907 =035 ##$$a 0010-1023000005 =007 ta =008 231004################|##########|#|## =082 ##$$a (R)2023 LKKP-TIA 818 =084 ##$$a (R)2023 LKKP-TIA 818 ANA p =100 #$$a ANANDA Reskianti =245 1#$$a Proses Refurbish Mesin Blower Pada Bengkel Mesin PT. Semen Tonasa : $b Kuliah Kerja Praktek /$c Ananda Reskianti (20TIA688) =250 ##$$a 2023 =260 ##$$a Makassar :$b Politeknik ATI Makassar - Teknik Industri Agro,$c 2023 =300 ##$$a vii + 30 halaman : $b Tabel;Gambar ; $c 20,5 x 29 cm.$e Bibliografi;Lampiran =650 #4$$a Laporan Praktek TIA 2023 =856 ##$$a OPAC (LKKP TIA 2023) =990 ##$$a 239/LKKP TIA 2023